Istanbul Sabiha Gökçen Int. Airport Destinations (Istanbul, Turkey) - Statistics

General Stats
  • This quiz has been taken 132 times
    61 since last reset
  • The average score is 92 of 155
Answer Stats
Airline Destination % Correct
British Airways London (Heathrow)
93%
AJet/Pegasus Airlines London (Stansted)
93%
AJet/Pegasus Airlines Ankara
90%
AJet/Pegasus Airlines Berlin
90%
Pegasus Airlines Muş
90%
Air Arabia/Pegasus Airlines Abu Dhabi
88%
AJet/Pegasus Airlines Amsterdam
88%
AJet/Pegasus Airlines Barcelona
88%
Pegasus Airlines Bucharest (Otopeni)
88%
AJet/Pegasus Airlines Budapest
88%
AJet/Pegasus Airlines Frankfurt
88%
AJet/Pegasus Airlines Hamburg
88%
AJet/Pegasus Airlines İzmir
88%
Pegasus Airlines Madrid
88%
AJet/Pegasus Airlines Munich
88%
AJet/Pegasus Airlines Paris (Charles de Gaulle)
88%
Pegasus Airlines/Transavia Paris (Orly)
88%
AJet/flynas/Pegasus Airlines Riyadh
88%
Pegasus Airlines Sofia
88%
AJet/Pegasus Airlines Antalya
86%
Air Arabia/Air Cairo/AJet/Nile Air Cairo
86%
AJet/flydubai/Pegasus Airlines Dubai (International)
86%
AJet/flynas/Pegasus Airlines Jeddah
86%
AJet/Pegasus Airlines Adana/Mersin
83%
AJet/Azerbaijan Airlines/Pegasus Airlines Baku
83%
AJet/Pegasus Airlines Cologne/Bonn
83%
Pegasus Airlines/Qatar Airways Doha
83%
Pegasus Airlines Dublin
83%
AJet/Pegasus Airlines Düsseldorf
83%
Pegasus Airlines/SalamAir Muscat
83%
Pegasus Airlines Astana
81%
Pegasus Airlines Athens
81%
AJet/Fly Baghdad/Iraqi Airways/Pegasus Airlines Baghdad
81%
AJet/Pegasus Airlines Bodrum
81%
AJet/Pegasus Airlines Dalaman
81%
AJet/Jazeera Airways/Kuwait Airways/Pegasus Airlines Kuwait City
81%
AJet/Pegasus Airlines Lyon
81%
Pegasus Airlines Marseille
81%
AJet/Pegasus Airlines Rome (Fiumicino)
81%
AJet/Pegasus Airlines Tehran (Imam Khomeini)
81%
Pegasus Airlines Beirut
79%
AJet/Pegasus Airlines Copenhagen
79%
AJet/Pegasus Airlines Gaziantep
79%
AJet Moscow (Vnukovo)
79%
Pegasus Airlines Oslo
79%
AJet/Pegasus Airlines Stuttgart
79%
Pegasus Airlines Tirana
79%
Pegasus Airlines Zagreb
79%
AJet/Pegasus Airlines Zürich
79%
Pegasus Airlines Amman (Queen Alia)
76%
AJet/Pegasus Airlines Belgrade
76%
AJet Brussels
76%
Pegasus Airlines Edinburgh
76%
Pegasus Airlines Manchester
76%
AJet/Pegasus Airlines Medina
76%
AJet/Pegasus Airlines Saint Petersburg
76%
AJet/Pegasus Airlines Tbilisi
76%
AJet/Pegasus Airlines Vienna
76%
Pegasus Airlines Alexandria
74%
Pegasus Airlines Almaty
74%
AJet/Pegasus Airlines Basel/Mulhouse
74%
Pegasus Airlines Birmingham
74%
Air Arabia/Pegasus Airlines Casablanca
74%
AJet/Pegasus Airlines Stockholm (Arlanda)
74%
Pegasus Airlines Yerevan
74%
Pegasus Airlines Geneva
71%
Pegasus Airlines Helsinki
71%
AJet/Pegasus Airlines Konya
71%
Pegasus Airlines Nice
71%
AJet/Pegasus Airlines Algiers
69%
AJet/flynas/Pegasus Airlines Dammam
69%
AJet/Pegasus Airlines Hannover
69%
AJet/Pegasus Airlines Kayseri
69%
Pegasus Airlines Prague
69%
AJet/Pegasus Airlines Trabzon
69%
Pegasus Airlines Venice
69%
AJet/Pegasus Airlines Bahrain
67%
Pegasus Airlines Bratislava
67%
Pegasus Airlines Chișinău
67%
AJet/Pegasus Airlines Pristina
67%
Pegasus Airlines Skopje
67%
AJet/Pegasus Airlines Batman
64%
AJet/Pegasus Airlines Bishkek
64%
Pegasus Airlines Cluj-Napoca
64%
AJet Damascus
64%
AJet/Pegasus Airlines Erbil
64%
AJet/Pegasus Airlines Hurghada
64%
Pegasus Airlines Nuremberg
64%
AJet/Pegasus Airlines Sarajevo
64%
Pegasus Airlines Batumi
62%
Pegasus Airlines Rotterdam/The Hague
62%
Pegasus Airlines Basra
60%
Pegasus Airlines Dortmund
60%
AJet/Pegasus Airlines Samsun
60%
AJet/Pegasus Airlines Sharm El Sheikh
60%
AJet/Pegasus Airlines Van
60%
Pegasus Airlines Bremen
57%
Pegasus Airlines Podgorica
57%
Pegasus Airlines Isfahan
55%
Pegasus Airlines Karachi
55%
Air Arabia/AJet/Pegasus Airlines Sharjah
55%
Pegasus Airlines Shiraz
55%
Pegasus Airlines Bristol
50%
Pegasus Airlines Gazipaşa/Alanya
50%
Pegasus Airlines Kutaisi
50%
Pegasus Airlines Eindhoven
48%
Pegasus Airlines Mashhad
48%
Pegasus Airlines Tabriz
45%
AJet/Pegasus Airlines Bergamo
43%
Pegasus Airlines Bologna
43%
AJet/Pegasus Airlines Ercan
43%
AJet/Pegasus Airlines Malatya
43%
AJet/Pegasus Airlines Erzurum
40%
Pegasus Airlines Charleroi
38%
AJet/Pegasus Airlines Diyarbakir
38%
Pegasus Airlines Graz
38%
AJet/Pegasus Airlines Şanlıurfa
38%
AJet/Pegasus Airlines Denizli
36%
AJet/Pegasus Airlines Ordu/Giresun
36%
Pegasus Airlines Atyrau
33%
AJet/Pegasus Airlines Erzincan
33%
AJet/Pegasus Airlines Kars
33%
Pegasus Airlines Rhodes
33%
Pegasus Airlines Seville
33%
AJet/Pegasus Airlines Sivas
33%
AJet Hatay
31%
Pegasus Airlines Kahramanmaraş
31%
AJet/Pegasus Airlines Rize/Artvin
31%
AJet Ağrı
29%
AJet/Pegasus Airlines Elazığ
29%
Pegasus Airlines Sinop
29%
AJet/Pegasus Airlines Giza
26%
Pegasus Airlines Osh
26%
AJet/Pegasus Airlines Ganja
24%
Pegasus Airlines Ras Al Khaimah
24%
Air Arabia Tangier
24%
AJet/Pegasus Airlines Tuzla
24%
AJet/Pegasus Airlines Adıyaman
21%
Pegasus Airlines Grozny
21%
AJet/Pegasus Airlines Iğdır
21%
AJet/Pegasus Airlines Mardin
21%
AJet Şırnak
21%
Pegasus Airlines Amasya/Merzifon
19%
Pegasus Airlines Kastamonu
19%
AJet Nevşehir
19%
FlyArystan Türkistan
19%
Pegasus Airlines Aqtau
17%
AJet Tokat
17%
flynas Gassim
14%
Pegasus Airlines Sulaimaniyah
12%
AJet Nakhchivan
10%
AJet/Pegasus Airlines Şymkent
7%
Pegasus Airlines Mytilene
5%
AJet/Pegasus Airlines Edremit
2%
AJet Urmia
2%
No matching quizzes found
Score Distribution
Percent of People with Each Score
Percentile by Number Answered
Your Score History
You have not taken this quiz since the last reset